Kraje z 3 kolorami na fladze - Statystyki

Ogólne statystyki
  • Ten quiz został rozwiązany 511 razy
  • Średni wynik to 35 z 73
Statystyki odpowiedzi
Kontynent Kraj % Poprawnych
europa Rosja
92%
europa Francja
90%
europa Niemcy
90%
europa Włochy
86%
europa Belgia
82%
europa Holandia
79%
europa Czechy
78%
europa Litwa
78%
europa Irlandia
74%
europa Słowacja
74%
europa Wielka Brytania
74%
europa Estonia
73%
europa Bialoruś
72%
europa Norwegia
72%
europa Bułgaria
70%
europa Islandia
70%
europa Rumunia
70%
europa Wegry
68%
ameryka płn Stany Zjednoczone
65%
europa Luksemburg
64%
ameryka płd Argentyna
63%
oceania Australia
61%
europa Bosnia i hercegowina
58%
ameryka płd Chile
56%
ameryka płd Kolumbia
55%
europa Liechtenstein
55%
ameryka płd Urugwaj
53%
oceania Nowa Zelandia
52%
azja Korea Północna
50%
azja Iran
49%
ameryka płn Kuba
49%
azja Irak
48%
europa Kosowo
48%
azja Armenia
46%
ameryka płn Jamajka
45%
ameryka płn Panama
45%
afryka Czad
43%
afryka Algieria
42%
europa Austria
42%
azja Jemen
41%
ameryka płd Gujana
40%
afryka Niger
40%
afryka Kongo
39%
afryka Wybrzeże Kości Słoniowej
39%
afryka Senegal
38%
afryka Demokratyczna Republika Konga
37%
afryka Mali
37%
azja Tajlandia
37%
azja Mongolia
36%
azja Laos
35%
afryka Madagaskar
35%
afryka Gwinea
33%
ameryka płn Bahamy
32%
afryka Angola
31%
afryka Kamerun
30%
ameryka płn Barbados
29%
afryka Rwanda
28%
ameryka płn Saint Lucia
28%
afryka Liberia
27%
oceania Wyspy Marshalla
27%
afryka Benin
26%
ameryka płn Trynidad i Tobago
26%
afryka Gabon
25%
afryka Botswana
24%
oceania Nauru
24%
afryka Burkina Faso
21%
azja Malediwy
21%
afryka Burundi
20%
ameryka płn Saint Vincent i Grenadyny
20%
oceania Samoa
20%
afryka Sierra Leone
20%
ameryka płn Grenada
19%
afryka Malawi
18%
Nie znaleziono quizów pasujących do podanych kryteriów
Rozkład punktacji
Procent ludzi z każdym wynikiem
Percentyl według liczby udzielonych odpowiedzi
Twoja historia wyników
Nie rozwiązałeś tego quizu